Concepts of Database Management (Record no. 168)

MARC details
000 -LEADER
fixed length control field 00446nam a22001697a 4500
005 - DATE AND TIME OF LATEST TRANSACTION
control field 20260121150817.0
008 - FIXED-LENGTH DATA ELEMENTS--GENERAL INFORMATION
fixed length control field 160428b xxu||||| |||| 00| 0 eng d
020 ## - INTERNATIONAL STANDARD BOOK NUMBER
ISBN 981-240388-4
041 ## - LANGUAGE CODE
Language code of text/sound track or separate title eng
082 ## - DEWEY DECIMAL CLASSIFICATION NUMBER
Classification number 005.74
100 ## - MAIN ENTRY--AUTHOR NAME
Personal name Pratt, Philip J.
245 ## - TITLE STATEMENT
Title Concepts of Database Management
260 ## - PUBLICATION, DISTRIBUTION, ETC. (IMPRINT)
Place of publication New Delhi
Name of publisher Thomsm Learning Published by Vikash House,
Year of publication 2002
300 ## - PHYSICAL DESCRIPTION
Number of Pages 293
650 ## - SUBJECT ADDED ENTRY--TOPICAL TERM
Topical Term Information Technology
942 ## - ADDED ENTRY ELEMENTS (KOHA)
Koha item type Books
Holdings
Lost status Damaged status Collection code Home library Current library Shelving location Date acquired Cost, normal purchase price Full call number Accession Number Koha item type
    CS/IT JRU Library JRU Library SHELF-52-B 28/04/2016 275.00 005.74 00590 Books
    CS/IT JRU Library JRU Library SHELF-52-B 28/04/2016 275.00 005.74 00591 Books
    CS/IT JRU Library JRU Library SHELF-52-A 28/04/2016 275.00 005.74 00592 Books
    CS/IT JRU Library JRU Library SHELF-52-B 28/04/2016 275.00 005.74 00593 Books